000 00259nam a2200097Ia 4500
008 220204s9999 xx 000 0 und d
082 _a5(031)
_bMIN
245 0 _aMind alive encyclopedia: Basic science
260 _aLondon
_bMarshall Cavendish
_c1977
942 _cBK
999 _c27423
_d27423